| Поле | Название | Значение |
| |
Тип записи |
a |
| |
Библиографический уровень |
m |
| 001 |
Контрольный номер |
RU/ГПНТБ России/KNIGADB/81.2/К 60-136530126 |
| 005 |
Дата корректировки |
20230109145947.0 |
| 010 |
Индекс ISBN |
__ |
| a |
ISBN |
978-5-17-109558-1 |
| 9 |
Тираж |
3000 экз. |
| d |
Цена |
191-40 |
| 100 |
Данные общей обработки |
__ |
| a |
Данные общей обработки |
20211209d2019 ma y0rusy028902 ca |
| 101 |
Язык документа |
0_ |
| a |
Язык текста |
eng |
| 102 |
Страна публикации |
__ |
| a |
Страна публикации |
RU |
| 105 |
Кодированные данные (монография) |
__ |
| a |
Кодированные данные (монография) |
y z 000ay |
| 181 |
Поле кодированных данных: вид содержания |
_0 |
| a |
Код вида содержания (ISBD) |
i |
| 182 |
Поле кодированных данных: тип средства |
_0 |
| a |
Код типа средства (ISBD) |
n |
| 200 |
Заглавие и сведения об ответственности |
1_ |
| a |
Заглавие |
Голодные игры: и вспыхнет пламя |
| e |
Сведения, относящиеся к заглавию |
[словарь, комментарии] |
| f |
Первые сведения об ответственности |
Сьюзен Коллинз |
| d |
Параллельное заглавие |
The hunger games: catching fire |
| z |
Язык параллельного заглавия |
eng |
| g |
Последующие сведения об ответственности |
словарь О. Н. Прокофьевой |
| 203 |
Вид содержания и тип средства |
__ |
| a |
Вид содержания |
Текст |
| c |
Тип средства |
непосредственный |
| 210 |
Выходные данные |
1_ |
| a |
Место издания |
Москва |
| c |
Издательство |
АСТ |
| c |
Издательство |
Lingua |
| d |
Дата издания |
2019 |
| 215 |
Физическое описание |
__ |
| a |
Объем |
350, [1] с. |
| d |
Формат |
20 см |
| 225 |
Серия |
2_ |
| a |
Серия |
Легко читаем по-английски |
| e |
Сведения, относящиеся к заглавию серии |
4 уровень |
| 300 |
Общие примечания |
__ |
| a |
Общие примечания |
Текст на английском языке |
| 330 |
Аннотация |
__ |
| a |
Аннотация |
Вопреки всему, Китнисс и Питу удается выжить в безжалостных Голодных Играх. Однако дерзкая выходка с ядовитыми ягодами, позволившая им обоим вернуться домой, не проходит бесследно. Ведь если одна простая девочка может бросить вызов Капитолию, чтобы защитить своих любимых, и уйти невредимой... Что мешает остальным сделать то же самое? Для удобства читателя текст сопровождается комментариями и кратким словарем. Предназначатся для продолжающих изучать английский язык (уровень 4 - Upper-Intermediate). |
| 517 |
Другие варианты заглавия |
1_ |
| a |
Другие варианты заглавия |
И вспыхнет пламя |
| 606 |
Тематические рубрики |
__ |
| a |
Основная рубрика |
Языкознание |
| 2 |
Код системы |
nlr_sh |
| 606 |
Тематические рубрики |
__ |
| a |
Основная рубрика |
Германские языки |
| 2 |
Код системы |
nlr_sh |
| 610 |
Ключевые слова |
0_ |
| a |
Ключевые слова |
зарубежная литература |
| 610 |
Ключевые слова |
0_ |
| a |
Ключевые слова |
иностранная литература |
| 610 |
Ключевые слова |
0_ |
| a |
Ключевые слова |
иностранные языки |
| 610 |
Ключевые слова |
0_ |
| a |
Ключевые слова |
американская литература |
| 610 |
Ключевые слова |
0_ |
| a |
Ключевые слова |
адаптированные тексты |
| 610 |
Ключевые слова |
0_ |
| a |
Ключевые слова |
англоязычная литература |
| 610 |
Ключевые слова |
0_ |
| a |
Ключевые слова |
чтение на английском |
| 610 |
Ключевые слова |
0_ |
| a |
Ключевые слова |
английский язык |
| 610 |
Ключевые слова |
0_ |
| a |
Ключевые слова |
романы |
| 610 |
Ключевые слова |
0_ |
| a |
Ключевые слова |
романы-антиутопии |
| 610 |
Ключевые слова |
0_ |
| a |
Ключевые слова |
экранизации |
| 610 |
Ключевые слова |
0_ |
| a |
Ключевые слова |
экранизированные книги |
| 686 |
Индексы других классификаций |
__ |
| 2 |
Код системы |
rubbks |
| a |
Классификационный индекс |
81.432.1я7-3 |
| 700 |
Автор |
_1 |
| a |
Фамилия |
Коллинз |
| b |
Имя |
С. |
| g |
Полное личное имя |
Сьюзен |
| f |
Даты |
1962- |
| 4 |
Код отношения |
070 |
| 702 |
Вторичная интеллектуальная ответственность |
_1 |
| a |
Фамилия |
Прокофьева |
| b |
Имя |
О. Н. |
| g |
Полное личное имя |
Ольга Николаевна |
| 4 |
Код отношения |
570 |
| 801 |
Источник записи |
_0 |
| b |
Организация |
ГПНТБ России |
| a |
Страна |
RU |
| c |
Дата составления |
20211209 |
| g |
Правила каталогизации |
PSBO |
| 801 |
Источник записи |
_1 |
| b |
Организация |
ГПНТБ России |
| a |
Страна |
RU |
| c |
Дата составления |
20211209 |
| g |
Правила каталогизации |
PSBO |
| 852 |
Данные о местонахождении |
5_ |
| j |
Шифр хранения |
81.432.1я7-3 |
| i |
Авторский знак |
К 60 |
| 900 |
Макрообъекты |
__ |
| a |
Макрообъекты |
Голодные игрв. И вспыхнет пламя. 2019 |
| 901 |
Тип документа |
__ |
| a |
Ответственный |
КиК/Обаева |
| t |
Тип документа |
m |
| 903 |
Характеристики (МАРС) |
__ |
| a |
Дата передачи |
20220228 |
| c |
Наименование библиотеки (МАРС) |
Муниципальное бюджетное учреждение культуры "Централизованная библиотечная система" г. Сургут (Центральная городская библиотека им. А. С. Пушкина) |
| 969 |
Тип издания |
__ |
| a |
Тип издания |
книга для чтения |
| 990 |
Данные о заказе (DOS) |
__ |
| j |
Количество экземпляров (DOS) |
1 |
| t |
N записи в КСУ для И/У (DOS) |
202203 |